Journal article Open Access

Building a Christian Arabic Library at Mount Sinai: The Scribe Thomas of Fusṭāṭ and the Manuscripts of His Workshop

Tarras, Peter


MARC21 XML Export

<?xml version='1.0' encoding='UTF-8'?>
<record xmlns="http://www.loc.gov/MARC21/slim">
  <leader>00000nam##2200000uu#4500</leader>
  <controlfield tag="005">20260225103157.0</controlfield>
  <datafield tag="024" ind1=" " ind2=" ">
    <subfield code="a">10.25592/uhhfdm.18349</subfield>
    <subfield code="2">doi</subfield>
  </datafield>
  <datafield tag="909" ind1="C" ind2="O">
    <subfield code="o">oai:fdr.uni-hamburg.de:18349</subfield>
    <subfield code="p">user-uhh</subfield>
  </datafield>
  <datafield tag="909" ind1="C" ind2="4">
    <subfield code="n">1</subfield>
    <subfield code="c">15-57</subfield>
    <subfield code="v">11</subfield>
    <subfield code="p">Comparative Oriental Manuscript Studies Bulletin</subfield>
  </datafield>
  <datafield tag="773" ind1=" " ind2=" ">
    <subfield code="a">10.25592/uhhfdm.18348</subfield>
    <subfield code="i">isVersionOf</subfield>
    <subfield code="n">doi</subfield>
  </datafield>
  <datafield tag="540" ind1=" " ind2=" ">
    <subfield code="u">https://creativecommons.org/licenses/by/4.0/legalcode</subfield>
    <subfield code="a">Creative Commons Attribution 4.0 International</subfield>
  </datafield>
  <datafield tag="100" ind1=" " ind2=" ">
    <subfield code="a">Tarras, Peter</subfield>
  </datafield>
  <datafield tag="520" ind1=" " ind2=" ">
    <subfield code="a">&lt;p&gt;This contribution focuses on the monk-scribe Thomas of Fusṭāṭ (Tūmā l-Fusṭāṭī) who was active at St Catherine&amp;rsquo;s Monastery at Mount Sinai at the turn from the ninth to the tenth century CE. He belonged to a workshop of scribes that produced a great number of Christian Arabic manuscripts for readers within the monastery (and possibly other monasteries in Palestine). These manuscripts were part of the historical core of what remains one of the most outstanding collections of early Christian Arabic books. This study gives an overview of this manuscript corpus and assesses some of its material, palaeographical, textual, and paratextual features. It seeks to throw light onto the beginnings of the Sinai monastery&amp;rsquo;s Arabic manuscripts collection and the scribal context from which it emerged. It will be shown that the corpus of Sinai&amp;rsquo;s early Christian Arabic scribal workshop reveals important details about the monastery&amp;rsquo;s history, early Christian Arabic manuscript production, its material preconditions, and the needs of arabophone monastic readers of the first millennium.&lt;/p&gt;</subfield>
  </datafield>
  <datafield tag="542" ind1=" " ind2=" ">
    <subfield code="l">open</subfield>
  </datafield>
  <datafield tag="980" ind1=" " ind2=" ">
    <subfield code="a">publication</subfield>
    <subfield code="b">article</subfield>
  </datafield>
  <datafield tag="245" ind1=" " ind2=" ">
    <subfield code="a">Building a Christian Arabic Library at Mount Sinai: The Scribe Thomas of Fusṭāṭ and the Manuscripts of His Workshop</subfield>
  </datafield>
  <datafield tag="980" ind1=" " ind2=" ">
    <subfield code="a">user-uhh</subfield>
  </datafield>
  <datafield tag="650" ind1="1" ind2="7">
    <subfield code="a">cc-by</subfield>
    <subfield code="2">opendefinition.org</subfield>
  </datafield>
  <datafield tag="856" ind1="4" ind2=" ">
    <subfield code="s">1530744</subfield>
    <subfield code="u">https://www.fdr.uni-hamburg.de/record/18349/files/comst-bulletin-11-2025-015-057.pdf</subfield>
    <subfield code="z">md5:ab3ae7d7326593b3e5399d1c33cdb18c</subfield>
  </datafield>
  <datafield tag="260" ind1=" " ind2=" ">
    <subfield code="c">2025-12-15</subfield>
  </datafield>
  <controlfield tag="001">18349</controlfield>
</record>

Cite record as